Agile Processes in Software Engineering and Extreme Programming (Record no. 28885)

MARC details
000 -LEADER
fixed length control field 00634nam a2200121Ia 4500
008 - FIXED-LENGTH DATA ELEMENTS--GENERAL INFORMATION
fixed length control field 220620s9999||||xx |||||||||||||| ||und||
245 #0 - TITLE STATEMENT
Title Agile Processes in Software Engineering and Extreme Programming
Remainder of title 20th International Conference, XP 2019, Montréal, QC, Canada, May 21–25, 2019, Proceedings
546 ## - LANGUAGE NOTE
Language note English[eng]
650 ## - SUBJECT ADDED ENTRY--TOPICAL TERM
Topical term or geographic name entry element Computer science||Software engineering||Management information systems||Management information systems||Computer science
700 ## - ADDED ENTRY--PERSONAL NAME
Personal name Kruchten, Philippe||Fraser, Steven||Coallier, François
856 ## - ELECTRONIC LOCATION AND ACCESS
Uniform Resource Identifier <a href="https://library.oapen.org/bitstream/20.500.12657/23099/1/1007059.pdf">https://library.oapen.org/bitstream/20.500.12657/23099/1/1007059.pdf</a>
942 ## - ADDED ENTRY ELEMENTS (KOHA)
Koha item type E-Books
Holdings
Withdrawn status Lost status Damaged status Not for loan Home library Current library Date acquired Total Checkouts Date last seen Price effective from Koha item type
        Kerala University of Digital Sciences, Innovation and Technology Knowledge Centre Kerala University of Digital Sciences, Innovation and Technology Knowledge Centre 20/06/2022   20/06/2022 20/06/2022 E-Books